| 000 | 01178cam a2200313 i 4500 | ||
|---|---|---|---|
| 001 | 25081 | ||
| 003 | Mx-PuUPA | ||
| 005 | 20230704122242.0 | ||
| 008 | 140415s1995 ksu fr 000 0 eng d | ||
| 020 |
_a9780700608737 _qrústica |
||
| 040 |
_aMx-PuUPA _bspa _cMx-PuUPA _dMx-PuUPA _erda |
||
| 041 | 0 | _aeng | |
| 100 | 1 |
_aMcAllister, Ted V., _914437 _eautor |
|
| 245 | 1 | 0 |
_aRevolt against modernity : _bLeo Strauss, Eric Voegelin, and the search for a postliberal order / _cTed V. McAllister |
| 264 | 1 |
_aLawrence, Kansas : _bUniversity Press of Kansas, _c©1995 |
|
| 300 |
_axv, 323 páginas ; _c23 cm |
||
| 336 |
_2rdacontent _atexto _btxt |
||
| 337 |
_2rdamedia _asin medio _bn |
||
| 338 |
_2rdacarrier _avolumen _bnc |
||
| 490 | 0 | _aAmerican Political Thought | |
| 600 | 1 | 4 |
_aVoegelin, Eric, _d1901-1985 _xCiencias políticas |
| 600 | 1 | 4 |
_aStrauss, Leo, _xCiencias políticas |
| 650 | 7 |
_2armarc _aConservadurismo _zEstados Unidos |
|
| 650 | 7 |
_2armarc _aLiberalismo _zEstados Unidos |
|
| 942 |
_2ddc _cLI _h320.520973 _n _iM4788 |
||
| 999 |
_c25081 _d25081 |
||